| 000 | 00814nam a22002417a 4500 | ||
|---|---|---|---|
| 005 | 20170124105918.0 | ||
| 010 | _aB-091553 | ||
| 020 |
_c600.00 _a9188121510745 |
||
| 035 | _aB-091553 | ||
| 037 | _bCen Lib/Ret | ||
| 040 |
_aDPL _bEN |
||
| 082 |
_2220.3 _bMAR |
||
| 100 |
_aMargaret _9106864 |
||
| 245 |
_aA dictionary of hinduism : _b its mithology, folklore and development 1500 BC-ad 1500 / _cby Margaret, James Stutley |
||
| 246 | _b | ||
| 260 |
_bMunshiram Manoharlal Publishers _c2002 _a New Delhi |
||
| 270 |
_a54, Rani Jhansi Road _b New Delhi _e110055 |
||
| 300 |
_axx, 372p. _c24cm(Hb) |
||
| 500 | _aincludes bibliographical references and index | ||
| 650 |
_aReligion _vDictionaries _xHinduism _9106865 |
||
| 700 |
_aStutley, James _99619 |
||
| 942 |
_2ddc _cEN _h220.3 _mMAR |
||
| 999 |
_c122940 _d122940 |
||